| 000 | 00625nam a2200253Ia 4500 | ||
|---|---|---|---|
| 003 | IT-RoPAU | ||
| 008 | 120407s9999 xx 000 0 und d | ||
| 040 | _aIT-RoPAU | ||
| 040 | _cIT-RoPAU | ||
| 041 | _aita | ||
| 100 | _aFrancesco Surdich | ||
| 245 | _aViaggio nel regno del Congo a cura di Francesco Surdich. | ||
| 250 | _aCinisello Balsamo | ||
| 260 | _aSan Paolo Edizioni | ||
| 260 | _c1997 | ||
| 300 | _a306 p. | ||
| 300 | _c22 cm | ||
| 490 | _aIl fascino dell’ignoto | ||
| 490 | _v15 | ||
| 600 | _aRilegato + svrac. | ||
| 700 | _aMichelangelo Guattini-Dionigi Carli | ||
| 942 | _cBK | ||
| 999 |
_c32065 _d32065 |
||